Babar - Statistiques

Statistiques générales
  • Ce quiz a été pris 7 fois
  • Le résultat moyen est 5 sur 10
Statistiques - réponses
Hint Réponse % Correct
Combien de paire de airpods ai-je eu dans ma vie ? 3
100%
Quelle mention j'ai eu au bac ? Assez bien
100%
Quelle était la deuxième question ? Quels sont mes prénoms ?
100%
Quelle est ma boisson non alcoolisée preferée ? coca
100%
Quelle est ma couleur préférée ? Rouge
100%
Quels sont mes prénoms ? Antoine Pierre Alexandre
20%
Comment s'appelle mon tonton de marseille ? François
20%
Quelle est mon heure de naissance (à 1h près) ? 15h30
0%
Quel est l'age de mes soeurs ? 19 et 24
0%
Quel est mon animal préféré ? (j'ai pas d'idée de question bordel) guépard
0%
Aucun quiz correspondant
Distribution des résultats
% des personnes avec chaque résultat
Percentile par nombre de réponses
Votre historique - résultats
Vous n’avez pas pris ce quiz